Čítanka francouzských textů z matematiky, fyziky a chemie /

Hlavní autor: Stavinohová, Zdeňka, 1914-2008
Korporativní autor: Univerzita J.E. Purkyně v Brně. Filozofická fakulta
Jazyk: Francouzština
Čeština
Vydáno: Praha : Státní pedagogické nakladatelství, 1964
Vydání: Přeprac. vyd.
Edice: Učební texty vysokých škol
Témata:
Fyzický popis: 75 s.
Knihy
Uloženo v:
LEADER 01098nam a22003012a 4500
001 000799774
003 CZ BrMZK
005 20051130102624.0
007 ta
008 051130s1964 xr er|||||||||||cze d
015 |a cnb000480813 
035 |a (OCoLC)42122383 
040 |a BOA001  |b cze 
041 1 |a cze  |a fre 
100 1 |a Stavinohová, Zdeňka,  |d 1914-2008  |7 jk01120972  |4 com 
245 1 0 |a Čítanka francouzských textů z matematiky, fyziky a chemie /  |c Zdeňka Stavinohová 
250 |a Přeprac. vyd. 
260 |a Praha :  |b Státní pedagogické nakladatelství,  |c 1964 
300 |a 75 s. 
490 1 |a Učební texty vysokých škol 
500 |a Rotaprint. 
504 |a Bibliografie na s. 74. 
710 2 2 |a Univerzita J.E. Purkyně v Brně.  |b Filozofická fakulta  |7 kn20010709347 
810 2 |a Univerzita J.E. Purkyně v Brně.  |b Filozofická fakulta.  |t Učební texty  |0 s 
910 |a BOA001  |b PK-N-0007.890 
964 |a Francouzština - čítanky - texty vysokoškolské 
990 |a BK 
996 6 |b BC-248861  |c PK-N-0007.890  |l MZK  |r Sklad / do 1 hodiny  |n 0  |w 000799774  |u 000010  |a 1  |e BOA001  |j MZK50  |s P